[Event "Seniorenkampioenschap 2012"]
[Site "Oosterbeek, Netherlands"]
[Date "2012.07.12"]
[Round "6"]
[White "Van Leeuwen, Etienne"]
[Black "Jonkman, Fokke"]
[Result "0-1"]
[WhiteElo "2061"]
[BlackElo "1995"]
[PlyCount "132"]
[EventDate "2012.??.??"]

1. e4 c5 2. Nf3 g6 3. d4 cxd4 4. Nxd4 Bg7 5. Nc3 Nc6 6. Be3 Nf6 7. Qd2 O-O 8.
Be2 d5 9. exd5 Nxd5 10. Nxc6 bxc6 11. Nxd5 cxd5 12. c3 Bb7 13. O-O Qc7 14. Bh6
e5 15. Bxg7 Kxg7 16. Rfe1 Rfe8 17. Bf1 f5 18. g3 Rad8 19. Bg2 Qb6 20. Rac1 h6
21. Qc2 Rc8 22. Qb3 e4 23. Qxb6 axb6 24. Rcd1 Kf6 25. f4 Ra8 26. a3 Ra4 27. Bf1
Bc6 28. Rd4 Rxd4 29. cxd4 Ke6 30. Kf2 Ra8 31. Rc1 Kd6 32. Ke3 Bd7 33. Be2 g5
34. fxg5 hxg5 35. h4 f4+ 36. gxf4 gxh4 37. Rg1 Rh8 38. Rg6+ Kc7 39. Kf2 h3 40.
Kg1 Rf8 41. Rg7 Rxf4 42. Rh7 Kd6 43. Rh6+ Be6 44. Ba6 Rf8 45. Bf1 Rf3 46. Ba6
Ke7 47. Rh7+ Rf7 48. Rh5 Rg7+ 49. Kh1 Rg2 50. Bf1 Rg3 51. Rh7+ Kd6 52. Rh6 Rb3
53. Kg1 Ke7 54. Rh7+ Kf6 55. Rh6+ Kf7 56. Be2 Rxb2 57. Bh5+ Ke7 58. Rh7+ Kd6
59. Rh6 Rg2+ 60. Kh1 Rg7 61. Be2 Ke7 62. Bf1 Rg3 63. a4 Rf3 64. Kg1 e3 65. Rh5
Bf5 66. Rh6 Rg3+ 0-1

[Event "Seniorenkampioenschap 2012"]
[Site "Oosterbeek, Netherlands"]
[Date "2012.07.12"]
[Round "6"]
[White "Huysman, Arie"]
[Black "Hoynck van Papendrecht, Fr"]
[Result "1/2-1/2"]
[WhiteElo "2003"]
[BlackElo "2055"]
[PlyCount "35"]
[EventDate "2012.??.??"]

1. e4 e6 2. d4 d5 3. Nd2 Nc6 4. Ngf3 Nf6 5. e5 Nd7 6. c3 f6 7. exf6 Qxf6 8. Bb5
Bd6 9. Nf1 Bf4 10. Bxf4 Qxf4 11. Qe2 Qh6 12. Ng3 O-O 13. O-O Ne7 14. Bxd7 Bxd7
15. Ne5 Rad8 16. f4 Nf5 17. Nxf5 exf5 18. Nxd7 1/2-1/2

[Event "Seniorenkampioenschap 2012"]
[Site "Oosterbeek, Netherlands"]
[Date "2012.07.12"]
[Round "6"]
[White "Van de Vreede, Jim"]
[Black "Versteeg, Cees"]
[Result "1-0"]
[WhiteElo "1994"]
[BlackElo "1912"]
[PlyCount "112"]
[EventDate "2012.??.??"]

1. e4 c5 2. Nf3 Nc6 3. Bb5 g6 4. O-O Bg7 5. c3 Qb6 6. Qe2 e6 7. Na3 a6 8. Nc4
Qc7 9. Bxc6 dxc6 10. Qd3 e5 11. b3 Nh6 12. Ba3 b6 13. Nd6+ Ke7 14. Nxc8+ Raxc8
15. Qc4 Rhd8 16. d4 Ke8 17. dxc5 b5 18. Qe2 Rd7 19. Rfd1 Rcd8 20. Rd6 f6 21.
Rad1 Nf7 22. Rxd7 Rxd7 23. Rxd7 Qxd7 24. Qd2 Nd8 25. Qxd7+ Kxd7 26. Kf1 a5 27.
Ke2 Ne6 28. g3 Nc7 29. Ne1 Ke6 30. Kd3 f5 31. f3 Bf8 32. b4 a4 33. Bb2 Bg7 34.
c4 Bh6 35. a3 Bf8 36. cxb5 Nxb5 37. Kc4 Bh6 38. Nd3 fxe4 39. fxe4 Bg7 40. Ne1
h6 41. Nf3 Bf6 42. Kd3 Bg7 43. Nd2 Bf8 44. Nc4 Bg7 45. Nb6 Bf6 46. Nxa4 h5 47.
Nb6 g5 48. a4 Nc7 49. Nc4 g4 50. Ne3 h4 51. gxh4 Bxh4 52. Nxg4 Na6 53. Kc4 Be1
54. b5 cxb5+ 55. axb5 Nxc5 56. Kxc5 Bf2+ 1-0

[Event "Seniorenkampioenschap 2012"]
[Site "Oosterbeek, Netherlands"]
[Date "2012.07.12"]
[Round "6"]
[White "Landsbergen, Ron"]
[Black "Holscher, Peter"]
[Result "1/2-1/2"]
[WhiteElo "1934"]
[BlackElo "2078"]
[PlyCount "153"]
[EventDate "2012.??.??"]

1. d4 Nf6 2. Nf3 e6 3. Bf4 c5 4. c3 b6 5. e3 Be7 6. Nbd2 O-O 7. Bd3 Ba6 8. Qe2
Bxd3 9. Qxd3 d5 10. h3 Nc6 11. O-O Rc8 12. Ne5 Nxe5 13. Bxe5 Nd7 14. Bh2 f5 15.
Nf3 Nf6 16. Ne5 Bd6 17. Nf3 Bxh2+ 18. Nxh2 Ne4 19. f4 g5 20. Qd1 Rc7 21. Rc1
Rg7 22. Rc2 Qf6 23. Qf3 h5 24. fxg5 Qxg5 25. Qf4 Kh7 26. Qxg5 Rxg5 27. h4 Rg7
28. Rf4 Rfg8 29. Nf3 Rg4 30. Ne5 Rg3 31. Rf3 c4 32. Kh2 R3g7 33. Rf1 Rc8 34.
Rcc1 b5 35. a3 a5 36. Rc2 Kg8 37. Re1 Kf8 38. Rf1 Ke7 39. Re1 Kd6 40. Rf1 Nf6
41. Re1 Ng4+ 42. Nxg4 Rxg4 43. g3 Rcg8 44. Rg1 Re4 45. Re2 Kc6 46. Rf1 b4 47.
axb4 axb4 48. Ra1 Kb5 49. Ra7 Rgg4 50. Rf7 f4 51. gxf4 Rxh4+ 52. Kg3 Rg4+ 53.
Kf3 Rh4 54. Rb7+ Kc6 55. Rxb4 Rh3+ 56. Kf2 Rh2+ 57. Ke1 Rh1+ 58. Kd2 h4 59. Rb8
Rb1 60. Rh2 Kc7 61. Rb4 Rf1 62. b3 cxb3 63. Rxb3 Rf3 64. Re2 h3 65. Rb1 Kd6 66.
Rh1 Ke7 67. Rhh2 Kf6 68. Rhf2 Rg3 69. Kd3 Kf5 70. Re1 Rg7 71. Rf3 Kg4 72. Ke2
Kh4 73. Rh1 Rg2+ 74. Kf1 Rg3 75. Kf2 Rg2+ 76. Kf1 Rg3 77. Kf2 1/2-1/2

[Event "Seniorenkampioenschap 2012"]
[Site "Oosterbeek, Netherlands"]
[Date "2012.07.12"]
[Round "6"]
[White "Erwich, Frans"]
[Black "Scholten, Karel"]
[Result "1/2-1/2"]
[WhiteElo "1985"]
[BlackElo "1903"]
[PlyCount "114"]
[EventDate "2012.??.??"]

1. e4 c5 2. Nf3 d6 3. d4 cxd4 4. Nxd4 Nf6 5. Nc3 a6 6. Be3 e5 7. Nb3 Be7 8. f3
Be6 9. Qd2 Nbd7 10. O-O-O b5 11. g4 Qc7 12. g5 Nh5 13. Nd5 Bxd5 14. Qxd5 O-O
15. Qd2 Rfb8 16. Kb1 Nb6 17. Qa5 Rc8 18. Bd3 Bd8 19. Qe1 Nc4 20. Bc1 a5 21. Nd2
Bxg5 22. Nxc4 bxc4 23. Bxg5 cxd3 24. cxd3 Qc2+ 25. Ka1 Rab8 26. Rd2 Qc6 27. Qd1
a4 28. a3 Rb3 29. Rg1 g6 30. Rgg2 Qb5 31. Bh6 Nf4 32. Rc2 Rb8 33. Qc1 Qe8 34.
Bxf4 exf4 35. Qxf4 Rxd3 36. Rgd2 Rbb3 37. Rxd3 Rxd3 38. Qf6 Qb8 39. Rc1 h5 40.
h4 Qb7 41. f4 Kh7 42. f5 Rg3 43. Qxd6 Qb3 44. Qd4 gxf5 45. exf5 Rg4 46. Qf6 Rg2
47. Qe5 Qg3 48. Qd5 Qg7 49. f6 Qg6 50. Ka2 Rf2 51. Rc5 Kh6 52. Qe5 Rxf6 53.
Qg5+ Kg7 54. Qxh5 Qxh5 55. Rxh5 Rf4 56. Kb1 Kg6 57. Rh8 Kg7 1/2-1/2

[Event "Seniorenkampioenschap 2012"]
[Site "Oosterbeek, Netherlands"]
[Date "2012.07.12"]
[Round "6"]
[White "Klein, Ron"]
[Black "Goossen, Theo"]
[Result "1/2-1/2"]
[WhiteElo "2049"]
[BlackElo "2037"]
[PlyCount "92"]
[EventDate "2012.??.??"]

1. f4 d5 2. Nf3 Bg4 3. e3 Nd7 4. h3 Bxf3 5. Qxf3 Ngf6 6. d4 e6 7. Bd3 c5 8. c3
Rc8 9. O-O Qb6 10. Nd2 g6 11. g4 Bg7 12. a3 a5 13. a4 O-O 14. g5 Ne8 15. h4 f5
16. h5 Nd6 17. Qh3 Rfe8 18. Nf3 Rc7 19. Kg2 Rec8 20. Rh1 Nf8 21. Rh2 Qb3 22.
Nd2 Qb6 23. Nf3 Ne4 24. hxg6 hxg6 25. Bb5 Nd6 26. Bd3 Ne4 27. Bb5 Nd6 28. Bd3
Ne4 29. Bb5 Rd8 30. Rh1 Nd6 31. Bd3 c4 32. Bc2 Ne4 33. Qh4 Rdc8 34. Ra2 Nd7 35.
Rh2 Kf7 36. Qe1 Rh8 37. Rxh8 Bxh8 38. Bd2 Bg7 39. Qd1 Rc8 40. Be1 Qc7 41. Ra1
Qd8 42. Bg3 Qb6 43. Rb1 Qc7 44. Qe2 Rh8 45. Bf2 Nb6 46. Bg3 Qc8 1/2-1/2

[Event "Seniorenkampioenschap 2012"]
[Site "Oosterbeek, Netherlands"]
[Date "2012.07.12"]
[Round "6"]
[White "Seeleman, Jan"]
[Black "Toorman, Jan"]
[Result "1-0"]
[WhiteElo "2000"]
[BlackElo "2028"]
[PlyCount "55"]
[EventDate "2012.??.??"]

1. e4 c5 2. Nf3 e6 3. d4 cxd4 4. Nxd4 Nf6 5. Nc3 Nc6 6. Be2 Bb4 7. f3 d5 8.
Nxc6 bxc6 9. e5 Nd7 10. f4 O-O 11. O-O f6 12. exf6 Nxf6 13. Bf3 Ba6 14. Ne2
Qb6+ 15. Kh1 Rad8 16. c3 Bc5 17. Qc2 Qb5 18. Rd1 Ne4 19. Nd4 Bxd4 20. cxd4 Nf6
21. Be3 Rb8 22. b3 Rfc8 23. Rac1 Qb4 24. f5 exf5 25. Qxf5 Re8 26. Bf4 Be2 27.
Bxe2 Rxe2 28. Bxb8 1-0

[Event "Seniorenkampioenschap 2012"]
[Site "Oosterbeek, Netherlands"]
[Date "2012.07.12"]
[Round "6"]
[White "Greevenbosch, Henk"]
[Black "Caljé, Tom"]
[Result "0-1"]
[WhiteElo "1943"]
[BlackElo "1990"]
[PlyCount "62"]
[EventDate "2012.??.??"]

1. c4 e5 2. Nc3 d6 3. g3 f5 4. Bg2 Nf6 5. e3 Be7 6. Nge2 c6 7. d4 O-O 8. O-O
Be6 9. b3 Bf7 10. e4 Bg6 11. f4 Nxe4 12. Nxe4 fxe4 13. d5 Na6 14. Be3 Qa5 15.
a3 Nc7 16. dxc6 bxc6 17. fxe5 Qxe5 18. Nf4 Bf6 19. Ra2 Ne6 20. Rd2 Rad8 21. Bh3
Ng5 22. Bg4 Bf5 23. Bd4 Bxg4 24. Qxg4 Qe7 25. Bxf6 Qxf6 26. h4 Nf3+ 27. Rxf3
exf3 28. Ne6 f2+ 29. Kf1 Rde8 30. Nf4 Qa1+ 31. Rd1 Re1+ 0-1

[Event "Seniorenkampioenschap 2012"]
[Site "Oosterbeek, Netherlands"]
[Date "2012.07.12"]
[Round "6"]
[White "Van de Peut, Aart"]
[Black "Haitsma, Anne"]
[Result "0-1"]
[WhiteElo "1907"]
[BlackElo "1904"]
[PlyCount "52"]
[EventDate "2012.??.??"]

1. e4 e5 2. Bc4 Nf6 3. d3 c6 4. Nf3 d5 5. exd5 cxd5 6. Bb3 Nc6 7. O-O Be7 8.
Re1 Qd6 9. Nc3 O-O 10. h3 d4 11. Nb5 Qc5 12. a4 a6 13. Na3 b5 14. Qe2 Bd6 15.
Bg5 Nd7 16. Nd2 Na5 17. Ne4 Qb6 18. axb5 Bxa3 19. Rxa3 Nxb3 20. Rxb3 axb5 21.
Qf3 Bb7 22. Qg4 f5 23. Qh4 fxe4 24. dxe4 Rf7 25. Rg3 Nf8 26. Bh6 Ng6 0-1

[Event "Seniorenkampioenschap 2012"]
[Site "Oosterbeek, Netherlands"]
[Date "2012.07.12"]
[Round "6"]
[White "Vreugdenhil, Frans"]
[Black "Duijker, Bert"]
[Result "1-0"]
[WhiteElo "2034"]
[BlackElo "1946"]
[PlyCount "95"]
[EventDate "2012.??.??"]

1. e4 d6 2. d4 g6 3. Be3 Bg7 4. Nc3 a6 5. Qd2 b5 6. a3 Bb7 7. Bd3 Nd7 8. f3 c5
9. Be2 cxd4 10. Bxd4 Ngf6 11. Nd5 O-O 12. g4 Nxd5 13. Bxg7 Kxg7 14. exd5 Qb6
15. h4 f6 16. Nh3 Rfc8 17. h5 Rc5 18. Nf4 Nf8 19. hxg6 hxg6 20. Nxg6 Nxg6 21.
Qh6+ Kf7 22. Qh7+ Ke8 23. Qxg6+ Kd7 24. Qf5+ Kc7 25. Rd1 Re8 26. Rh7 Kd8 27. c3
a5 28. f4 b4 29. axb4 axb4 30. Rh3 Qa5 31. c4 Bc8 32. Qd3 Ba6 33. b3 Qb6 34.
Qe3 Qa5 35. Kf1 Bc8 36. Rh7 Qa2 37. Qd3 Rg8 38. Rh4 Qb2 39. Re1 Ra5 40. Rb1 Ra1
41. Rxa1 Qxa1+ 42. Kf2 Qb2 43. Kf3 Bd7 44. Qe3 Ke8 45. Kg3 Rg7 46. Rh8+ Kf7 47.
g5 fxg5 48. Bh5+ 1-0

[Event "Seniorenkampioenschap 2012"]
[Site "Oosterbeek, Netherlands"]
[Date "2012.07.13"]
[Round "7"]
[White "Etmans, Maarten"]
[Black "Van den Berg, Ad"]
[Result "1/2-1/2"]
[WhiteElo "2001"]
[BlackElo "2206"]
[PlyCount "20"]
[EventDate "2012.??.??"]

1. e4 c5 2. Nf3 a6 3. g3 Nc6 4. Bg2 Nf6 5. Qe2 e5 6. O-O g6 7. c3 Bg7 8. d3 O-O
9. Be3 d6 10. Nbd2 Ng4 1/2-1/2

[Event "Seniorenkampioenschap 2012"]
[Site "Oosterbeek, Netherlands"]
[Date "2012.07.13"]
[Round "7"]
[White "Jonkman, Fokke"]
[Black "Schouten, Nico"]
[Result "0-1"]
[WhiteElo "1995"]
[BlackElo "2094"]
[PlyCount "124"]
[EventDate "2012.??.??"]

1. c4 e5 2. Nc3 Nf6 3. Nf3 d6 4. d4 exd4 5. Nxd4 g6 6. g3 Bg7 7. Bg2 O-O 8. O-O
Nbd7 9. b3 Re8 10. Bb2 Nc5 11. Qc2 Rb8 12. Rad1 Bd7 13. Rfe1 a6 14. e4 b5 15.
b4 Ne6 16. Nxe6 Rxe6 17. cxb5 axb5 18. Ne2 Re8 19. h3 Qc8 20. Kh2 Be6 21. Nf4
Bc4 22. a4 Qa6 23. a5 c5 24. Bc3 Nd7 25. Bxg7 Kxg7 26. Qd2 cxb4 27. Qxd6 Qxd6
28. Rxd6 Ne5 29. a6 b3 30. Rb1 Re7 31. Nd5 Ra7 32. Nb4 Rd7 33. Rxd7 Nxd7 34. e5
Nb6 35. a7 Rd8 36. Be4 f6 37. exf6+ Kxf6 38. Ra1 Na8 39. Ra6+ Ke5 40. f3 Rd2+
41. Kg1 b2 42. Nc6+ Kd6 43. Na5+ Kc5 44. Rc6+ Kb4 45. Nxc4 bxc4 46. Rc8 Rd3 47.
Rb8+ Kc3 48. Bxa8 Rd7 49. Rxb2 Kxb2 50. Bb7 c3 51. a8=Q c2 52. Qh8+ Ka2 53.
Bd5+ Rxd5 54. Qa8+ Kb2 55. Qb7+ Kc3 56. Qc6+ Kb2 57. Qxd5 c1=Q+ 58. Kf2 Qh1 59.
Qb7+ Kc3 60. Qxh7 Qh2+ 61. Ke3 Qd2+ 62. Ke4 Qd4# 0-1

[Event "Seniorenkampioenschap 2012"]
[Site "Oosterbeek, Netherlands"]
[Date "2012.07.13"]
[Round "7"]
[White "Viergever, Max"]
[Black "Van Lanen, Toon"]
[Result "1/2-1/2"]
[WhiteElo "2097"]
[BlackElo "2143"]
[PlyCount "84"]
[EventDate "2012.??.??"]

1. e4 d5 2. exd5 Qxd5 3. Nc3 Qd6 4. d4 Nf6 5. Nf3 a6 6. g3 b5 7. Bg2 Bb7 8. O-O
e6 9. Ne5 Bxg2 10. Kxg2 c6 11. Bf4 Nd5 12. Qf3 Nxf4+ 13. Qxf4 f6 14. Ne4 Qd5
15. Nf3 Bb4 16. c3 Be7 17. Rfe1 O-O 18. Ned2 Bd6 19. Qe4 Re8 20. a4 Qxe4 21.
Nxe4 Bf8 22. Nc5 Kf7 23. b4 Ra7 24. Re2 Bxc5 25. dxc5 bxa4 26. Rxa4 Rd7 27. Nd2
Rd3 28. Ne4 Red8 29. Nd6+ Ke7 30. Rc2 e5 31. Kf1 Rd1+ 32. Ke2 Rh1 33. h4 Ke6
34. Rca2 Rc1 35. R4a3 g6 36. Kd2 Rf1 37. Ke2 Rc1 38. Kd2 Rb1 39. Ke3 f5 40. Ra1
Rxa1 41. Rxa1 Rf8 42. f4 e4 1/2-1/2

[Event "Seniorenkampioenschap 2012"]
[Site "Oosterbeek, Netherlands"]
[Date "2012.07.13"]
[Round "7"]
[White "Vlam, Horatio"]
[Black "Vosselman, Jan"]
[Result "1/2-1/2"]
[WhiteElo "2145"]
[BlackElo "2009"]
[PlyCount "52"]
[EventDate "2012.??.??"]

1. c4 e6 2. Nc3 d5 3. d4 Nf6 4. Bg5 c6 5. e3 h6 6. Bh4 Be7 7. Nf3 Nbd7 8. Bd3
dxc4 9. Bxc4 b5 10. Bd3 Bb7 11. O-O a6 12. e4 c5 13. e5 Nd5 14. Bxe7 Nxc3 15.
bxc3 Qxe7 16. Nd2 cxd4 17. cxd4 Rd8 18. Qg4 Nxe5 19. Qxg7 Qg5 20. Qxh8+ Ke7 21.
Qxd8+ Kxd8 22. Be4 Bxe4 23. Nxe4 Nf3+ 24. Kh1 Qf4 25. gxf3 Qxf3+ 26. Kg1 Qxe4
1/2-1/2

[Event "Seniorenkampioenschap 2012"]
[Site "Oosterbeek, Netherlands"]
[Date "2012.07.13"]
[Round "7"]
[White "Hoynck van Papendrecht, Fr"]
[Black "Van de Vreede, Jim"]
[Result "1/2-1/2"]
[WhiteElo "2055"]
[BlackElo "1994"]
[PlyCount "134"]
[EventDate "2012.??.??"]

1. e4 c5 2. c3 d5 3. exd5 Qxd5 4. Na3 a6 5. Nc4 Nf6 6. Be2 Nbd7 7. Ne3 Qc6 8.
d4 e6 9. Bf3 Qc7 10. Ne2 Nb6 11. O-O Bd6 12. h3 O-O 13. Ng4 Nxg4 14. hxg4 Rd8
15. Bg5 f6 16. Bh4 Nd5 17. g5 Rf8 18. Bxd5 exd5 19. gxf6 Bg4 20. f3 Be6 21.
dxc5 Bxc5+ 22. Nd4 gxf6 23. Re1 Rae8 24. Qd2 Qf7 25. Rad1 Qh5 26. Qf4 Qg6 27.
Bf2 Bh3 28. g4 h5 29. Nf5 hxg4 30. Bxc5 gxf3+ 31. Qg3 Bxf5 32. Qxg6+ Bxg6 33.
Bxf8 Kxf8 34. Rxe8+ Kxe8 35. Rxd5 Be4 36. Rd4 f5 37. c4 Ke7 38. b4 Bc6 39. Kf2
Ke6 40. Ke3 Ke5 41. Rd2 Ke6 42. Kd4 Kd6 43. Rb2 Be8 44. Ke3 Bc6 45. b5 axb5 46.
cxb5 Be4 47. Kd4 Kc7 48. a4 Kb6 49. Kc4 Ka5 50. Rf2 Kb6 51. Kb4 Kc7 52. a5 Kd6
53. Rd2+ Ke5 54. Kc5 b6+ 55. Kxb6 Kf4 56. Kc7 Ke3 57. Rb2 f2 58. Rxf2 Kxf2 59.
b6 f4 60. a6 f3 61. b7 Bxb7 62. axb7 Kg1 63. b8=Q f2 64. Qb6 Kh1 65. Qh6+ Kg1
66. Qe3 Kh1 67. Qe2 Kg1 1/2-1/2

[Event "Seniorenkampioenschap 2012"]
[Site "Oosterbeek, Netherlands"]
[Date "2012.07.13"]
[Round "7"]
[White "Smeets, Pierre"]
[Black "Huysman, Arie"]
[Result "1/2-1/2"]
[WhiteElo "2041"]
[BlackElo "2003"]
[PlyCount "25"]
[EventDate "2012.??.??"]

1. d4 Nf6 2. Nf3 e6 3. Bg5 d5 4. e3 c5 5. c3 Qb6 6. Qb3 Ne4 7. Bf4 Nd7 8. Nbd2
Nxd2 9. Kxd2 Be7 10. Ne5 cxd4 11. exd4 O-O 12. Nxd7 Bxd7 13. Qxb6 1/2-1/2

[Event "Seniorenkampioenschap 2012"]
[Site "Oosterbeek, Netherlands"]
[Date "2012.07.13"]
[Round "7"]
[White "Vogel, Jaap"]
[Black "Erwich, Frans"]
[Result "1-0"]
[WhiteElo "2156"]
[BlackElo "1985"]
[PlyCount "67"]
[EventDate "2012.??.??"]

1. d4 Nf6 2. Nf3 e6 3. c4 c5 4. d5 exd5 5. cxd5 d6 6. Nc3 g6 7. e4 a6 8. a4 Bg4
9. Be2 Bxf3 10. Bxf3 Bg7 11. O-O O-O 12. Re1 Re8 13. Bf4 Qc7 14. e5 dxe5 15. d6
Qc8 16. Bxe5 Nbd7 17. Bg3 Rb8 18. Qd2 b5 19. axb5 axb5 20. Re7 Bf8 21. Nd5 Nxd5
22. Rxe8 Qxe8 23. Bxd5 Rc8 24. Ra7 Bh6 25. f4 Bg7 26. Bh4 Bd4+ 27. Kf1 Kf8 28.
Be7+ Kg7 29. Bb7 Nb6 30. f5 Rb8 31. f6+ Bxf6 32. Bxf6+ Kxf6 33. Bf3 Rd8 34.
Qc3+ 1-0

[Event "Seniorenkampioenschap 2012"]
[Site "Oosterbeek, Netherlands"]
[Date "2012.07.13"]
[Round "7"]
[White "Versteeg, Cees"]
[Black "Markus, John"]
[Result "0-1"]
[WhiteElo "1912"]
[BlackElo "2107"]
[PlyCount "58"]
[EventDate "2012.??.??"]

1. e4 g6 2. d4 d6 3. f4 a6 4. Nf3 Bg7 5. Bc4 c5 6. c3 Qc7 7. Qe2 cxd4 8. Nxd4
Bxd4 9. cxd4 b5 10. Bxf7+ Kxf7 11. O-O Nc6 12. Be3 Nf6 13. f5 gxf5 14. exf5 h5
15. Nc3 Bd7 16. Rac1 Rac8 17. d5 Ne5 18. Ne4 Qb7 19. Ng5+ Kg7 20. Rcd1 b4 21.
Ne6+ Bxe6 22. fxe6 Qb5 23. Qe1 Qc4 24. Rd4 Qc2 25. Rxb4 Rhg8 26. Rxf6 exf6 27.
Rb7+ Kh8 28. Qf1 Rxg2+ 29. Qxg2 Qd1+ 0-1

[Event "Seniorenkampioenschap 2012"]
[Site "Oosterbeek, Netherlands"]
[Date "2012.07.13"]
[Round "7"]
[White "Holscher, Peter"]
[Black "Seeleman, Jan"]
[Result "1-0"]
[WhiteElo "2078"]
[BlackElo "2000"]
[PlyCount "103"]
[EventDate "2012.??.??"]

1. d4 Nf6 2. Nf3 g6 3. g3 Bg7 4. c4 O-O 5. Bg2 d6 6. O-O Nc6 7. Nc3 a6 8. d5
Na5 9. Nd2 c5 10. Qc2 Rb8 11. Rb1 b5 12. cxb5 axb5 13. b4 cxb4 14. Rxb4 Qc7 15.
Qd3 Bf5 16. e4 Bd7 17. h3 Rfc8 18. Bb2 Nc4 19. Ba1 Qc5 20. Rfb1 Nxd2 21. Qxd2
Nh5 22. Ne2 Bxa1 23. Rxa1 Qc2 24. Rd1 Ra8 25. Rb2 Qc5 26. Rc1 Qa7 27. Rbc2 Rc5
28. g4 Ng7 29. Rxc5 dxc5 30. Rc2 b4 31. e5 Ba4 32. Rb2 Rd8 33. Qe3 Qc7 34. Nc1
Rc8 35. Bf1 Qb7 36. Bc4 Bb5 37. Qd3 Bxc4 38. Qxc4 Qc7 39. Nd3 h5 40. Rc2 hxg4
41. hxg4 Ra8 42. Qxc5 Qd7 43. Qc4 b3 44. axb3 Ne8 45. f3 Kg7 46. Kg2 Ra5 47.
Nf4 Qa7 48. e6 Nd6 49. Qc3+ Kh7 50. exf7 Ra1 51. Rf2 Nxf7 52. Ne6 1-0

[Event "Seniorenkampioenschap 2012"]
[Site "Oosterbeek, Netherlands"]
[Date "2012.07.13"]
[Round "7"]
[White "Scholten, Karel"]
[Black "Van Leeuwen, Etienne"]
[Result "0-1"]
[WhiteElo "1903"]
[BlackElo "2061"]
[PlyCount "40"]
[EventDate "2012.??.??"]

1. e4 e5 2. f4 exf4 3. Nf3 h6 4. d4 g5 5. h4 Bg7 6. hxg5 hxg5 7. Rxh8 Bxh8 8.
g3 d6 9. gxf4 g4 10. Ng5 f6 11. Bc4 fxg5 12. Bxg8 gxf4 13. Bxf4 Qh4+ 14. Ke2 g3
15. Ke3 Nc6 16. c3 Bg4 17. Qb3 O-O-O 18. Be6+ Kb8 19. Bxg4 Qxg4 20. Qf7 g2 0-1

[Event "Seniorenkampioenschap 2012"]
[Site "Oosterbeek, Netherlands"]
[Date "2012.07.13"]
[Round "7"]
[White "Caljé, Tom"]
[Black "Landsbergen, Ron"]
[Result "0-1"]
[WhiteElo "1990"]
[BlackElo "1934"]
[PlyCount "76"]
[EventDate "2012.??.??"]

1. e4 c5 2. d3 Nc6 3. f4 g6 4. Nf3 Bg7 5. Be2 e6 6. O-O Nge7 7. c3 d6 8. Be3 b6
9. Nbd2 O-O 10. Qe1 f5 11. Rd1 Ba6 12. d4 Bxe2 13. Qxe2 Qc7 14. e5 cxd4 15.
cxd4 d5 16. Rc1 Rfc8 17. b4 Qd7 18. a3 Rc7 19. Rc2 Rac8 20. Rfc1 Nxe5 21. Nxe5
Bxe5 22. Rxc7 Rxc7 23. Rxc7 Bxc7 24. b5 Bd6 25. a4 Qc7 26. Nf3 h6 27. g3 Qc4
28. Qxc4 dxc4 29. Ne5 Bxe5 30. dxe5 Nd5 31. Kf2 Nc3 32. Ke1 Nxa4 33. Bd4 Kf7
34. Kd2 Ke7 35. Kc2 Kd7 36. Kb1 Kc7 37. Ka2 Nc5 38. Kb2 a6 0-1

[Event "Seniorenkampioenschap 2012"]
[Site "Oosterbeek, Netherlands"]
[Date "2012.07.13"]
[Round "7"]
[White "Haitsma, Anne"]
[Black "Klein, Ron"]
[Result "1/2-1/2"]
[WhiteElo "1904"]
[BlackElo "2049"]
[PlyCount "28"]
[EventDate "2012.??.??"]

1. d4 e6 2. c4 f5 3. g3 Nf6 4. Bg2 Bb4+ 5. Bd2 Bxd2+ 6. Qxd2 O-O 7. Nc3 d6 8.
Nf3 Qe7 9. O-O Nc6 10. Rfd1 a5 11. d5 Nd8 12. dxe6 Nxe6 13. Nd5 Nxd5 14. cxd5
Nc5 1/2-1/2

[Event "Seniorenkampioenschap 2012"]
[Site "Oosterbeek, Netherlands"]
[Date "2012.07.13"]
[Round "7"]
[White "Goossen, Theo"]
[Black "Vreugdenhil, Frans"]
[Result "0-1"]
[WhiteElo "2037"]
[BlackElo "2034"]
[PlyCount "82"]
[EventDate "2012.??.??"]

1. e4 e5 2. Nf3 Nc6 3. Bb5 f5 4. d3 fxe4 5. dxe4 Nf6 6. Qd3 Bc5 7. Bg5 d6 8.
Nc3 O-O 9. O-O-O Be6 10. Nd5 Kh8 11. Bc4 Na5 12. Bb3 Nxb3+ 13. axb3 a5 14. Nxf6
gxf6 15. Bh4 a4 16. bxa4 Rxa4 17. b3 Ra2 18. Kd2 Qa8 19. Rb1 c6 20. b4 Ra3 21.
Qf1 Bxb4+ 22. Rxb4 Qa5 23. c3 c5 24. Qb5 cxb4 25. Qxa5 Rxa5 26. cxb4 Ra2+ 27.
Ke3 Ra3+ 28. Ke2 Kg7 29. Rd1 Bc4+ 30. Ke1 Rfa8 31. Rxd6 Ra1+ 32. Rd1 Rxd1+ 33.
Kxd1 Bd3 34. Kd2 Bxe4 35. Kc3 Bxf3 36. gxf3 b5 37. Kd3 Rc8 38. f4 Rc4 39. Bg3
exf4 40. Bh4 Rxb4 41. f3 Kg6 0-1

[Event "Seniorenkampioenschap 2012"]
[Site "Oosterbeek, Netherlands"]
[Date "2012.07.13"]
[Round "7"]
[White "Toorman, Jan"]
[Black "Greevenbosch, Henk"]
[Result "0-1"]
[WhiteElo "2028"]
[BlackElo "1943"]
[PlyCount "82"]
[EventDate "2012.??.??"]

1. e4 e5 2. Nf3 Nc6 3. Bb5 Nd4 4. Ba4 Nxf3+ 5. Qxf3 Qf6 6. Qg3 c6 7. O-O Qf4 8.
Qxf4 exf4 9. d4 g5 10. g3 Bh6 11. c4 d6 12. Nc3 Nf6 13. f3 Bd7 14. Kf2 O-O-O
15. gxf4 gxf4 16. Rg1 Rhg8 17. Bd2 Bg5 18. Ke2 Nh5 19. d5 Kc7 20. Kd3 Bh3 21.
Bd1 Bh4 22. Be2 Bf2 23. Rxg8 Rxg8 24. Bf1 Rg1 25. Ke2 Bd4 26. Re1 Bxf1+ 27.
Rxf1 Rg2+ 28. Kd3 Rxh2 29. Ne2 Be5 30. b3 c5 31. a4 Ng3 32. Re1 Rf2 33. Nxf4
Nf1 34. Bc1 Bxf4 35. Bxf4 Rxf3+ 36. Ke2 Rxf4 37. Rxf1 Rxf1 38. Kxf1 Kd7 39. Kf2
Ke7 40. Kf3 Kf6 41. Kf4 a5 0-1

[Event "Seniorenkampioenschap 2012"]
[Site "Oosterbeek, Netherlands"]
[Date "2012.07.13"]
[Round "7"]
[White "Duijker, Bert"]
[Black "Van de Peut, Aart"]
[Result "1/2-1/2"]
[WhiteElo "1946"]
[BlackElo "1907"]
[PlyCount "42"]
[EventDate "2012.??.??"]

1. Nf3 Nf6 2. c4 e6 3. g3 d5 4. Bg2 c6 5. b3 Nbd7 6. O-O Be7 7. d4 O-O 8. Bb2
b6 9. Ne5 Bb7 10. Nd2 Rc8 11. Rc1 Ne8 12. e4 f6 13. Nxd7 Qxd7 14. cxd5 cxd5 15.
Qe2 Nc7 16. Rfe1 Bb4 17. a3 Bxd2 18. Qxd2 dxe4 19. Bxe4 Bxe4 20. Rxe4 Nd5 21.
Qe1 Rxc1 1/2-1/2